000 00427nam a22001817a 4500
999 _c4624
_d4624
003 OSt
005 20200324153448.0
008 200324b ||||| |||| 00| 0 eng d
020 _aNA
040 _c0
050 _aD1012-D1016
082 _222
_a338.16
100 _aCBS.
245 _aRethinking development /
260 _bThe center for bhutan Studies,
_cc 2007
300 _axxxiii, p, ;
_bNA
_c24 cm.
942 _2ddc
_cGEN